00205nam a2200073Ia 4500008004100000100001600041245005600057260001800113120527s9999 xx 000 0 und d aJABBAR, M.A aAdoption pathways for new Agricultural Technologies bILR Institute